000 00875nam a2200217Ia 4500
008 0000001984 fr a 0000000000fre00
090 _aPSP00 A57a
100 1 _aAntón, Lamazares
_d1954
245 1 0 _aAnton Lamazares
_b: peintures = pinturas
_c/ traduction Monique Planes ; photographe Javier Campano
300 _a[16] p.
_c/ 21 cm.
500 _aExposición realizada en Gran Palais, Paris, octubre, 1984 \ Con el patronazgo del maestro venezolano Jesús Rafael Soto (q.e.p.d.) \
600 0 0 _aLAMAZARES, ANTON, 1954/
_xTRABAJOS PICTORICOS
650 1 4 _aARTE CONTEMPORANEO ESPAÑOL
650 1 4 _xCATALOGOS
650 1 4 _xEXPOSICIONES
650 1 4 _aPINTORES ESPAÑOLES
650 1 4 _aPINTURA ESPAÑOLA
700 1 _aPlanes, Monique, tr. \ Campano, Javier
999 _c6185
_d6185
260 _aBruxelles : Elisabeth Franck
_c1984